000 00384pab a2200145 454500
008 180718b2000 xxu||||| |||| 00| 0 eng d
100 _aChossudovsky, Michel
245 _aSeattle and beyond: disarming new world order
260 _c2000
300 _ap.100-04
362 _a15 Jan
650 _aWorld Trade Organization
773 _aEconomic and Political Weekly
909 _a43636
999 _c43636
_d43636